[Event "Oberliga Wuerttemberg 2122"]
[Site "Wuerttemberg"]
[Date "2021.10.31"]
[Round "2.1"]
[White "Braeuning, Rudolf Wilhelm"]
[Black "Sinz, Bernhard"]
[Result "1/2-1/2"]
[WhiteElo "2248"]
[BlackElo "2331"]
[PlyCount "38"]
[EventDate "2021.09.19"]
[EventType "team-tourn"]
[EventRounds "9"]
[EventCountry "GER"]
[SourceTitle "EXT 2023"]
[Source "ChessBase"]
[SourceDate "2022.10.05"]
[SourceVersion "1"]
[SourceVersionDate "2022.10.05"]
[SourceQuality "1"]
[WhiteTeam "Bebenhausen"]
[BlackTeam "Biberach"]
[WhiteTeamCountry "GER"]
[BlackTeamCountry "GER"]

1. e4 e5 2. f4 exf4 3. Nf3 g5 4. h4 g4 5. Ne5 d6 6. Nxg4 Nf6 7. Nxf6+ Qxf6 8. Nc3 Nc6 9. Nd5 Qg6 10. d3 Qg3+ 11. Kd2 Nb4 12. Nf6+ Ke7 13. a3 Qe3+ 14. Kc3 Na2+ 15. Rxa2 Qc5+ 16. Kd2 Qe3+ 17. Kc3 Qc5+ 18. Kd2 Qe3+ 19. Kc3 Qc5+ 1/2-1/2

[Event "Nancy Blitz 19th"]
[Site "Nancy"]
[Date "2021.10.23"]
[Round "3"]
[White "Lagarde, Maxime"]
[Black "Braeuning, Rudolf Wilhelm"]
[Result "1-0"]
[WhiteElo "2640"]
[BlackElo "2248"]
[PlyCount "75"]
[EventDate "2021.10.23"]
[EventType "swiss (blitz)"]
[EventRounds "11"]
[EventCountry "FRA"]
[SourceTitle "CBM 204 Extra"]
[Source "ChessBase"]
[SourceDate "2021.11.30"]
[SourceVersion "1"]
[SourceVersionDate "2021.11.30"]
[SourceQuality "1"]

1. e4 g6 2. d4 Bg7 3. Nc3 d6 4. Bg5 a6 5. f4 b5 6. Nf3 Bb7 7. Bd3 Nd7 8. e5 Nb6 9. Qe2 Qd7 10. 0-0 e6 11. Ne4 Bxe4 12. Qxe4 d5 13. Qe1 Ne7 14. b3 Rc8 15. a4 c6 16. axb5 axb5 17. Qb4 h6 18. Bxe7 Qxe7 19. Qxe7+ Kxe7 20. Ra7+ Nd7 21. Rfa1 Rb8 22. g4 h5 23. f5 hxg4 24. f6+ Bxf6 25. exf6+ Kxf6 26. Rxd7 gxf3 27. Rf1 Rh3 28. Be2 Rbh8 29. Bxf3 Kg5 30. Rxf7 Rxh2 31. Bg2 R2h4 32. Re7 Rxd4 33. Rxe6 Rhh4 34. Rxc6 Rhg4 35. Rc5 Rd2 36. Rf2 Rd1+ 37. Kh2 Rh4+ 38. Bh3 1-0

[Event "Bassano del Grappa op"]
[Site "Bassano del Grappa"]
[Date "2021.02.14"]
[Round "4"]
[White "Dappiano, Andrea"]
[Black "Braeuning, Rudolf Wilhelm"]
[Result "1/2-1/2"]
[WhiteElo "2250"]
[BlackElo "2272"]
[PlyCount "92"]
[EventDate "2021.02.12"]
[EventType "swiss"]
[EventRounds "9"]
[EventCountry "ITA"]
[SourceTitle "CBM 200 Extra"]
[Source "ChessBase"]
[SourceDate "2021.03.31"]
[SourceVersion "1"]
[SourceVersionDate "2021.03.31"]
[SourceQuality "1"]

1. e4 d5 2. exd5 Nf6 3. Bb5+ Nbd7 4. c4 a6 5. Ba4 b5 6. cxb5 Nxd5 7. Nc3 N5b6 8. Bc2 axb5 9. Nxb5 Ba6 10. Nc3 e5 11. d4 Bb4 12. Nge2 0-0 13. dxe5 Nxe5 14. Qxd8 Rfxd8 15. Bf4 Nd3+ 16. Bxd3 Rxd3 17. 0-0 Nd5 18. Rfc1 Bxc3 19. bxc3 Re8 20. c4 Nxf4 21. Nxf4 Rd2 22. h4 f6 23. Rd1 Rxd1+ 24. Rxd1 Bxc4 25. Rc1 Re4 26. g3 g5 27. hxg5 fxg5 28. Ng2 c6 29. Ne3 Bb5 30. Rc5 h6 31. Kg2 Kf7 32. Nf5 Kg6 33. Nd6 Ra4 34. Nxb5 cxb5 35. Rxb5 Rxa2 36. g4 Ra3 37. Rb6+ Kg7 38. f3 Ra7 39. Kg3 Rf7 40. Rc6 Rf6 41. Rxf6 Kxf6 42. f4 gxf4+ 43. Kxf4 Kg6 44. Kf3 Kg5 45. Kg3 h5 46. gxh5 Kxh5 1/2-1/2

[Event "Bassano del Grappa op"]
[Site "Bassano del Grappa"]
[Date "2021.02.13"]
[Round "3"]
[White "Braeuning, Rudolf Wilhelm"]
[Black "Loiacono, Antonio"]
[Result "0-1"]
[WhiteElo "2272"]
[BlackElo "2307"]
[PlyCount "77"]
[EventDate "2021.02.12"]
[EventType "swiss"]
[EventRounds "9"]
[EventCountry "ITA"]
[SourceTitle "CBM 200 Extra"]
[Source "ChessBase"]
[SourceDate "2021.03.31"]
[SourceVersion "1"]
[SourceVersionDate "2021.03.31"]
[SourceQuality "1"]

1. c4 c6 2. e4 d5 3. exd5 cxd5 4. d4 Nf6 5. Nc3 Nc6 6. Bg5 Be6 7. Nge2 dxc4 8. Nf4 Nxd4 9. Nxe6 Nxe6 10. Bxc4 Qxd1+ 11. Rxd1 a6 12. Bxe6 fxe6 13. 0-0 h6 14. Bc1 g5 15. Rfe1 Kf7 16. Re3 Rc8 17. Rde1 Rc6 18. Ne2 Rd6 19. h4 b5 20. Re5 Nd7 21. Re3 Rg8 22. Rf3+ Nf6 23. hxg5 hxg5 24. Kf1 Rg6 25. Rh3 Bg7 26. Be3 Ng4 27. Bc1 Ne5 28. b3 Nd3 29. Rf3+ Ke8 30. Rd1 Ne5 31. Rxd6 exd6 32. Rg3 g4 33. Nf4 Rh6 34. Ke2 Kd7 35. Bb2 Rh4 36. Nd3 Nxd3 37. Bxg7 Nf4+ 38. Ke3 Nh5 39. Ke2 0-1